000 00577nam a2200217Ia 4500
003 OSt
005 20221007075338.0
006 a|||||r|||| 00| 0
007 ta
008 221006b |||||||| |||| 00| 0 eng d
024 _a14,121
037 _cTextual
040 _aFLL
_cFLL
_beng
041 _2eng
_aeng
082 _aX:5.2.N76, L6
245 0 _aFacilities for non-residents of Indian origin
260 _aNew Delhi
_bIndian Investment Centre India
_c1976
300 _a105p
_ccm.
942 _hX:5.2.N76, L6
_cTEXL
_2CC
999 _c1155717
_d1155717